Antología latina / (Record no. 24620)

MARC details
000 -LEADER
campo de control de longitud fija 00449nam a2200157 i 4500
001 - NÚMERO DE CONTROL
campo de control 24620
003 - IDENTIFICADOR DE NÚMERO DE CONTROL
campo de control ES-MaACL
007 - CAMPO FIJO DE DESCRIPCIÓN FÍSICA--INFORMACIÓN GENERAL
campo de control de longitud fija t|
008 - DATOS DE LONGITUD FIJA--INFORMACIÓN GENERAL
campo de control de longitud fija 021218s1956 sp ||||1| spa d
245 00 - MENCIÓN DEL TÍTULO
Título Antología latina /
Mención de responsabilidad, etc. Antonio Martínez Ugartemendía.
260 ## - PUBLICACIÓN, DISTRIBUCIÓN, ETC.
Lugar de publicación, distribución, etc. Pamplona :
Nombre del editor, distribuidor, etc. Aramburu,
Fecha de publicación, distribución, etc. 1956.
300 ## - DESCRIPCIÓN FÍSICA
Extensión 77 p. :
Otras características físicas il. ;
Dimensiones 21 cm.
500 ## - NOTA GENERAL
Nota general Es el primer volumen.
700 1# - ENTRADA AGREGADA--NOMBRE PERSONAL
Nombre de persona Martínez Ugartemendía, Antonio.
9 (RLIN) 78453
852 ## - LOCALIZACIÓN
Ubicación ES-MaACL
Número de control de estantería E-4082
Holdings
Estatus retirado Estado de pérdida Estado de daño No para préstamo Biblioteca de origen Biblioteca actual Ubicación en estantería Fecha de adquisición Fuente de adquisición Total de préstamos Signatura topográfica completa Código de barras Visto por última vez Precio de reemplazo Tipo de ítem Koha
        Biblioteca del Ateneo de Madrid Biblioteca del Ateneo de Madrid Depósito 2 17/01/2008     E-4082 1025383 23/02/2023 23/02/2023 Libro impreso